[Event "Gagra op"]
[Site "Gagra"]
[Date "2008.09.20"]
[Round "3"]
[White "Lakerbaya, Timur"]
[Black "Ermolenko, Vasily"]
[Result "1/2-1/2"]
[WhiteElo "2086"]
[BlackElo "2244"]
[PlyCount "140"]
[EventDate "2008.09.18"]
[EventType "swiss"]
[EventRounds "9"]
[EventCountry "GEO"]
[SourceTitle "EXT 2011"]
[Source "ChessBase"]
[SourceDate "2010.11.26"]
[SourceVersion "1"]
[SourceVersionDate "2010.11.26"]
[SourceQuality "1"]

1. d4 Nf6 2. Nf3 e6 3. Bg5 c5 4. e3 Qb6 5. Qc1 Be7 6. Nbd2 d6 7. Bd3 0-0 8. 0-0 Nbd7 9. c3 Qc7 10. Qc2 h6 11. Bh4 b6 12. Rfd1 Bb7 13. Bg3 Rac8 14. Rac1 Nh5 15. dxc5 Nxc5 16. e4 Nxg3 17. hxg3 Nxd3 18. Qxd3 Rfd8 19. Qe2 Bf6 20. Nd4 a6 21. a3 d5 22. exd5 Rxd5 23. N2f3 b5 24. Nc2 Rc5 25. Ncd4 Bd5 26. Ra1 g6 27. Qe3 Bg7 28. Re1 Bc4 29. a4 e5 30. Ne2 bxa4 31. Rxa4 a5 32. b4 Rd5 33. bxa5 Rxa5 34. Rxa5 Qxa5 35. g4 f6 36. Nh4 Kh7 37. Rd1 Bxe2 38. Qxe2 Qxc3 39. Qe4 Qc2 40. Rd3 Qc1+ 41. Kh2 Qf4+ 42. Qxf4 exf4 43. g3 fxg3+ 44. Kxg3 Rc5 45. Rd7 h5 46. gxh5 Rxh5 47. Ng2 Rg5+ 48. Kf3 Rf5+ 49. Kg3 g5 50. Ne3 Rb5 51. Rd5 Rb3 52. Kg2 Kg6 53. Rd8 Bh6 54. Ng4 Bg7 55. Ne3 Rb5 56. Rd5 Rb7 57. Rd8 Ra7 58. Kf3 Kf7 59. Nf5 Bf8 60. Nd6+ Kg8 61. Nf5 Ra4 62. Rd4 Ra3+ 63. Ne3 Kf7 64. Rd5 Ke6 65. Rb5 Bd6 66. Rb6 Rd3 67. Ke4 Rc3 68. Nf5 Rc4+ 69. Kd3 Kxf5 70. Kxc4 Bf4 1/2-1/2